000 00572nam a22001937a 4500
999 _c158012
_d158012
005 20181013110020.0
010 _aENG-124270
020 _c150.00
035 _a EN-107802
037 _bDBAD/PUB.
082 _a471
100 _aParimalagantham, A
245 _aStructural Reduplication in Tamil and Telugu /
_cby A. Parimalagantham
260 _aKuppam
_bSathya Publications
_c2011
270 _aPalace Road,
_bKuppam
_e517425
300 _axiv,178p.
_c20cm(pbk)
500 _ait includes Biblography and conclusion
942 _2ddc
_cEN
_mPAR
_h471